[Event "Bullet Chess Winners"]
[Site "Chess.com INT"]
[Date "2023.07.17"]
[Round "1.2"]
[White "Hansen, Eric"]
[Black "Carlsen, Magnus"]
[Result "0-1"]
[WhiteElo "2609"]
[BlackElo "2835"]
[PlyCount "114"]
[GameId "1938373576380416"]
[EventDate "2023.07.17"]
[EventType "k.o. (blitz)"]
[EventRounds "5"]
[EventCountry "USA"]
[SourceTitle "CBM 215 Extra"]
[Source "ChessBase"]
[SourceDate "2023.09.30"]
[SourceVersion "1"]
[SourceVersionDate "2023.09.30"]
[SourceQuality "1"]

1. e4 g6 2. Nf3 Bg7 3. d4 d6 4. c3 Nf6 5. Bd3 O-O 6. O-O e5 7. h3 Re8 8. Re1 Nc6 9. Nbd2 d5 10. exd5 Nxd5 11. dxe5 Nxe5 12. Nxe5 Rxe5 13. Rxe5 Bxe5 14. Nf3 Bg7 15. Bg5 Bf6 16. Qd2 Bxg5 17. Nxg5 Nf6 18. Qf4 Qd6 19. Qxd6 cxd6 20. Rd1 d5 21. Nf3 Bd7 22. Nd4 Kf8 23. f3 Ke7 24. Kf2 Kd6 25. h4 a5 26. a3 Ne8 27. Re1 Nc7 28. g4 Ne6 29. Ne2 b5 30. Rd1 Bc6 31. h5 b4 32. axb4 axb4 33. cxb4 Rb8 34. hxg6 hxg6 35. Rd2 Rxb4 36. Nc3 d4 37. Ne2 g5 38. Ng3 Ke5 39. Be4 Bxe4 40. Nxe4 Rb3 41. Kg3 d3 42. Kf2 Kd4 43. Nd6 f6 44. Nf5+ Ke5 45. Ke3 Nf4 46. Ng3 Nd5+ 47. Kf2 Nb6 48. Ne4 Nc4 49. Rd1 Rxb2+ 50. Kg3 d2 51. Kf2 Kf4 52. Ke2 Rb3 53. Nxd2 Re3+ 54. Kf2 Rd3 55. Ke2 Rxd2+ 56. Rxd2 Nxd2 57. Kxd2 Kxf3 0-1

[Event "Bullet Chess Winners"]
[Site "Chess.com INT"]
[Date "2023.07.17"]
[Round "1.3"]
[White "Carlsen, Magnus"]
[Black "Hansen, Eric"]
[Result "1-0"]
[WhiteElo "2835"]
[BlackElo "2609"]
[PlyCount "77"]
[GameId "1938373576404992"]
[EventDate "2023.07.17"]
[EventType "k.o. (blitz)"]
[EventRounds "5"]
[EventCountry "USA"]
[SourceTitle "CBM 215 Extra"]
[Source "ChessBase"]
[SourceDate "2023.09.30"]
[SourceVersion "1"]
[SourceVersionDate "2023.09.30"]
[SourceQuality "1"]

1. g3 d5 2. Bg2 c6 3. Nf3 Bf5 4. O-O e6 5. d3 h6 6. b3 Nf6 7. Bb2 Be7 8. Nbd2 Bh7 9. c4 O-O 10. a3 a5 11. Ra2 Nbd7 12. Qa1 Re8 13. Ne5 Bf8 14. Nxd7 Nxd7 15. Bc3 Qb6 16. b4 Qa6 17. bxa5 Nc5 18. Bb4 Na4 19. Bxf8 Rxf8 20. cxd5 exd5 21. Nb3 Rfe8 22. Rc1 Re7 23. Bf3 Rae8 24. Qd4 Qb5 25. Qb4 Bf5 26. Qxb5 cxb5 27. Nd4 Bd7 28. Bxd5 Rb8 29. Rc7 Kf8 30. Rac2 Be8 31. Rxe7 Kxe7 32. Rc7+ Kd6 33. Rxb7 Rc8 34. Nf5+ Ke5 35. e4 g6 36. f4+ Kf6 37. Nd6 Rc1+ 38. Kf2 Bc6 39. Rxf7# 1-0

[Event "Bullet Chess Winners"]
[Site "Chess.com INT"]
[Date "2023.07.17"]
[Round "1.4"]
[White "Hansen, Eric"]
[Black "Carlsen, Magnus"]
[Result "0-1"]
[WhiteElo "2609"]
[BlackElo "2835"]
[PlyCount "106"]
[GameId "1938373576445952"]
[EventDate "2023.07.17"]
[EventType "k.o. (blitz)"]
[EventRounds "5"]
[EventCountry "USA"]
[SourceTitle "CBM 215 Extra"]
[Source "ChessBase"]
[SourceDate "2023.09.30"]
[SourceVersion "1"]
[SourceVersionDate "2023.09.30"]
[SourceQuality "1"]

1. Nf3 Nf6 2. d4 g6 3. c4 Bg7 4. Nc3 d5 5. cxd5 Nxd5 6. e3 Nxc3 7. bxc3 c5 8. Be2 O-O 9. O-O Nc6 10. Ba3 cxd4 11. cxd4 b6 12. Qa4 Bb7 13. Rac1 Rc8 14. Rfd1 Na5 15. h3 Bf6 16. Ne5 Rxc1 17. Rxc1 Bxe5 18. dxe5 Qd2 19. Qc2 Qd5 20. Bf3 Qxe5 21. Bxb7 Nxb7 22. Qc7 Qxc7 23. Rxc7 Nd6 24. Rxe7 Nb5 25. Bb2 Ra8 26. g4 Nd6 27. f4 b5 28. Bd4 a5 29. Kg2 b4 30. Rd7 Nb5 31. Bf6 Nc3 32. Bxc3 bxc3 33. Rc7 Rd8 34. Kf3 Rd2 35. Rxc3 Rxa2 36. Rc8+ Kg7 37. Rc7 a4 38. Ra7 a3 39. e4 Ra1 40. e5 a2 41. Kg2 Kf8 42. Kh2 h5 43. gxh5 gxh5 44. h4 Rf1 45. Rxa2 Rxf4 46. Kg3 Rg4+ 47. Kf3 Rxh4 48. Ra6 Ke7 49. Rh6 Ra4 50. Rxh5 Ke6 51. Ke3 Ra5 52. Ke4 f5+ 53. Ke3 Kxe5 0-1

[Event "Bullet Chess Winners"]
[Site "Chess.com INT"]
[Date "2023.07.17"]
[Round "1.5"]
[White "Carlsen, Magnus"]
[Black "Hansen, Eric"]
[Result "1/2-1/2"]
[WhiteElo "2835"]
[BlackElo "2609"]
[PlyCount "145"]
[GameId "1938373576470528"]
[EventDate "2023.07.17"]
[EventType "k.o. (blitz)"]
[EventRounds "5"]
[EventCountry "USA"]
[SourceTitle "CBM 215 Extra"]
[Source "ChessBase"]
[SourceDate "2023.09.30"]
[SourceVersion "1"]
[SourceVersionDate "2023.09.30"]
[SourceQuality "1"]

1. e4 d6 2. Nc3 e5 3. d4 exd4 4. Qxd4 Nf6 5. Qe3 Be7 6. Bd2 O-O 7. O-O-O Nc6 8. f4 Re8 9. Nf3 a6 10. Bc4 b5 11. Bd5 Nxd5 12. Nxd5 Bf8 13. Bc3 Be6 14. f5 Bxd5 15. Rxd5 Ne7 16. Rdd1 Nxf5 17. Qf4 Ne7 18. e5 Ng6 19. Qg3 Qc8 20. h4 Qf5 21. h5 Qf4+ 22. Qxf4 Nxf4 23. Rd2 h6 24. b3 Rad8 25. exd6 Bxd6 26. Kb1 Re2 27. Rhd1 Rde8 28. Nd4 Rxd2 29. Bxd2 Nxh5 30. Nf5 Bf8 31. c4 bxc4 32. bxc4 Re4 33. Bc3 Rxc4 34. Kb2 Rc5 35. g4 Rb5+ 36. Kc2 Nf6 37. Rd8 Rc5 38. Kb3 Rb5+ 39. Kc2 Nxg4 40. Ne7+ Kh7 41. Rxf8 f6 42. a4 Rc5 43. a5 h5 44. Rd8 h4 45. Rd4 f5 46. Nxf5 Rxf5 47. Rxg4 g5 48. Bd2 Kg6 49. Bxg5 Rxg5 50. Rxh4 Rxa5 51. Rc4 c5 52. Kc3 Kf5 53. Rh4 Ke5 54. Rh5+ Kd6 55. Rh6+ Kd5 56. Rh5+ Kc6 57. Rh6+ Kb5 58. Rh8 Ra3+ 59. Kb2 Ra4 60. Rb8+ Ka5 61. Rh8 Rb4+ 62. Kc3 Kb5 63. Rb8+ Ka5 64. Rc8 Kb5 65. Rd8 Ka5 66. Rd1 Kb5 67. Rc1 Rc4+ 68. Kb2 Rxc1 69. Kxc1 Kb4 70. Kb2 c4 71. Kc2 c3 72. Kc1 a5 73. Kb1 1/2-1/2

[Event "Bullet Chess Winners"]
[Site "Chess.com INT"]
[Date "2023.07.17"]
[Round "1.6"]
[White "Hansen, Eric"]
[Black "Carlsen, Magnus"]
[Result "0-1"]
[WhiteElo "2609"]
[BlackElo "2835"]
[PlyCount "52"]
[GameId "1938373576511488"]
[EventDate "2023.07.17"]
[EventType "k.o. (blitz)"]
[EventRounds "5"]
[EventCountry "USA"]
[SourceTitle "CBM 215 Extra"]
[Source "ChessBase"]
[SourceDate "2023.09.30"]
[SourceVersion "1"]
[SourceVersionDate "2023.09.30"]
[SourceQuality "1"]

1. Nf3 d5 2. d4 c5 3. c4 dxc4 4. d5 Nf6 5. Nc3 b5 6. e4 b4 7. e5 bxc3 8. exf6 cxb2 9. Bxb2 exf6 10. Bxc4 Bd6 11. O-O O-O 12. h3 Nd7 13. Re1 Nb6 14. Bb3 c4 15. Bc2 Bb7 16. Nd4 Be5 17. Rxe5 fxe5 18. Nf5 Qf6 19. f4 Nxd5 20. Bxe5 Qb6+ 21. Kh2 f6 22. Qg4 g6 23. Bd6 Ne3 24. Nh6+ Kg7 25. Qd7+ Kxh6 26. Re1 Rfd8 0-1

[Event "Bullet Chess Winners"]
[Site "Chess.com INT"]
[Date "2023.07.17"]
[Round "1.7"]
[White "Carlsen, Magnus"]
[Black "Hansen, Eric"]
[Result "0-1"]
[WhiteElo "2835"]
[BlackElo "2609"]
[PlyCount "70"]
[GameId "1938373576536064"]
[EventDate "2023.07.17"]
[EventType "k.o. (blitz)"]
[EventRounds "5"]
[EventCountry "USA"]
[SourceTitle "CBM 215 Extra"]
[Source "ChessBase"]
[SourceDate "2023.09.30"]
[SourceVersion "1"]
[SourceVersionDate "2023.09.30"]
[SourceQuality "1"]

1. g3 d5 2. Bg2 c6 3. Nf3 Bf5 4. O-O e6 5. d3 Nf6 6. Nc3 h6 7. Nd2 Bh7 8. e4 Be7 9. f4 O-O 10. Kh1 b5 11. g4 b4 12. Na4 dxe4 13. dxe4 Nbd7 14. b3 Nb6 15. Nb2 Qc7 16. Nd3 Rad8 17. Bb2 c5 18. g5 hxg5 19. fxg5 Nfd7 20. Qh5 Bg6 21. Qh4 c4 22. bxc4 Nxc4 23. Nxc4 Qxc4 24. Rae1 Qxc2 25. Rf3 f5 26. Rh3 Kf7 27. Bxg7 Kxg7 28. Qh6+ Kf7 29. Nf4 Rg8 30. Nxg6 Rxg6 31. Qh7+ Rg7 32. Qh5+ Kf8 33. exf5 Rxg5 34. Qh6+ Ke8 35. Qxe6 Qxg2# 0-1

[Event "Bullet Chess Winners"]
[Site "Chess.com INT"]
[Date "2023.07.17"]
[Round "1.8"]
[White "Hansen, Eric"]
[Black "Carlsen, Magnus"]
[Result "0-1"]
[WhiteElo "2609"]
[BlackElo "2835"]
[PlyCount "64"]
[GameId "1938373576577024"]
[EventDate "2023.07.17"]
[EventType "k.o. (blitz)"]
[EventRounds "5"]
[EventCountry "USA"]
[SourceTitle "CBM 215 Extra"]
[Source "ChessBase"]
[SourceDate "2023.09.30"]
[SourceVersion "1"]
[SourceVersionDate "2023.09.30"]
[SourceQuality "1"]

1. e4 d5 2. exd5 Qxd5 3. Nc3 Qd6 4. d4 Nf6 5. Nb5 Qd8 6. c3 c6 7. Na3 e5 8. Nf3 Bxa3 9. bxa3 exd4 10. Nxd4 O-O 11. Be2 Re8 12. O-O Nbd7 13. Bf4 Nd5 14. Bd2 Nc5 15. Qc2 Ne4 16. Bd3 Nxd2 17. Qxd2 g6 18. Rfe1 Bd7 19. a4 Qf6 20. Rab1 Rxe1+ 21. Rxe1 c5 22. Nb5 Bxb5 23. axb5 Qxc3 24. Qxc3 Nxc3 25. h4 Rd8 26. Bc4 Rd4 27. Bf1 Nxa2 28. Re7 c4 29. Rxb7 c3 30. Rxa7 c2 31. Rc7 c1=Q 32. Rxc1 Nxc1 0-1

[Event "Bullet Chess Winners"]
[Site "Chess.com INT"]
[Date "2023.07.17"]
[Round "1.9"]
[White "Carlsen, Magnus"]
[Black "Hansen, Eric"]
[Result "1-0"]
[WhiteElo "2835"]
[BlackElo "2609"]
[PlyCount "133"]
[GameId "1938373576601600"]
[EventDate "2023.07.17"]
[EventType "k.o. (blitz)"]
[EventRounds "5"]
[EventCountry "USA"]
[SourceTitle "CBM 215 Extra"]
[Source "ChessBase"]
[SourceDate "2023.09.30"]
[SourceVersion "1"]
[SourceVersionDate "2023.09.30"]
[SourceQuality "1"]

1. d4 d5 2. Nf3 Nf6 3. c4 e6 4. cxd5 exd5 5. Nc3 Be7 6. Bf4 c6 7. e3 Bf5 8. h3 Nbd7 9. Bd3 Bxd3 10. Qxd3 O-O 11. O-O a5 12. Rab1 Qb6 13. Rfe1 Qa6 14. Qxa6 Rxa6 15. Rec1 Rfa8 16. Ne1 a4 17. Nd3 g6 18. b4 axb3 19. axb3 Ra3 20. b4 Nb6 21. b5 Nc4 22. bxc6 bxc6 23. Ne5 Nxe5 24. Bxe5 Nd7 25. Bf4 Bf8 26. Ne2 R3a6 27. Rb7 Nf6 28. Ng3 h5 29. Be5 Ne8 30. Ne2 Ra1 31. Rxa1 Rxa1+ 32. Kh2 Ra8 33. h4 Bg7 34. Nf4 Bf8 35. Nd3 Rc8 36. Kg3 Ng7 37. Bxg7 Bxg7 38. Rd7 Bf6 39. Kh3 Kf8 40. g3 Ke8 41. Ra7 Kf8 42. Kg2 Ke8 43. Kf3 Kf8 44. g4 hxg4+ 45. Kxg4 Kg7 46. h5 gxh5+ 47. Kxh5 Kf8 48. Kg4 Ke8 49. Kf5 Bg7 50. Nb4 Bf8 51. Nd3 Be7 52. Ne5 Kf8 53. Ra6 c5 54. Nd7+ Ke8 55. Nxc5 Bxc5 56. dxc5 Rxc5 57. Ke5 Rc2 58. f4 Re2 59. Ra3 Rd2 60. Kf6 Kd7 61. Ra7+ Kd6 62. Kxf7 d4 63. exd4 Rxd4 64. f5 Rf4 65. Ra6+ Ke5 66. f6 Rf3 67. Ke7 1-0

[Event "Bullet Chess Winners"]
[Site "Chess.com INT"]
[Date "2023.07.17"]
[Round "1.10"]
[White "Hansen, Eric"]
[Black "Carlsen, Magnus"]
[Result "0-1"]
[WhiteElo "2609"]
[BlackElo "2835"]
[PlyCount "114"]
[GameId "1938373576642560"]
[EventDate "2023.07.17"]
[EventType "k.o. (blitz)"]
[EventRounds "5"]
[EventCountry "USA"]
[SourceTitle "CBM 215 Extra"]
[Source "ChessBase"]
[SourceDate "2023.09.30"]
[SourceVersion "1"]
[SourceVersionDate "2023.09.30"]
[SourceQuality "1"]

1. d4 d5 2. c4 Nf6 3. Nc3 e6 4. Nf3 Be7 5. e3 O-O 6. Be2 b6 7. cxd5 Bb7 8. O-O exd5 9. Ne5 c5 10. Bd3 Nc6 11. Re1 cxd4 12. Nxc6 Bxc6 13. exd4 h6 14. Bf4 Bd6 15. Be5 Re8 16. Qf3 Bxe5 17. dxe5 Ne4 18. Nxe4 dxe4 19. Bxe4 Bxe4 20. Qxe4 Qd2 21. Re2 Qd7 22. Rae1 Rad8 23. f4 Qe6 24. a3 g6 25. h3 h5 26. Qb7 Rd7 27. Qf3 Red8 28. Qg3 Qf5 29. e6 fxe6 30. Rxe6 Kh7 31. Qh4 Rf8 32. R1e4 Rff7 33. Kh2 Kg7 34. a4 Rd2 35. b4 Qd5 36. Qg3 Qf5 37. R6e5 Qf6 38. f5 g5 39. Rb5 h4 40. Qe3 Qd6+ 41. Ree5 Rxf5 42. Qxd2 Qxd2 43. Rxf5 Qd6+ 44. Rbe5 Qxb4 45. Rxg5+ Kf6 46. Rgf5+ Kg6 47. Rg5+ Kf6 48. Rgf5+ Kg6 49. a5 Qd6 50. axb6 axb6 51. Kg1 Qd4+ 52. Kh1 Qd1+ 53. Kh2 Qd6 54. Kg1 Qd1+ 55. Kf2 Qd2+ 56. Kf3 Qd3+ 57. Kg4 Qg3# 0-1

[Event "Bullet Chess Winners"]
[Site "Chess.com INT"]
[Date "2023.07.17"]
[Round "1.11"]
[White "Carlsen, Magnus"]
[Black "Hansen, Eric"]
[Result "1-0"]
[WhiteElo "2835"]
[BlackElo "2609"]
[PlyCount "63"]
[GameId "1938373576667136"]
[EventDate "2023.07.17"]
[EventType "k.o. (blitz)"]
[EventRounds "5"]
[EventCountry "USA"]
[SourceTitle "CBM 215 Extra"]
[Source "ChessBase"]
[SourceDate "2023.09.30"]
[SourceVersion "1"]
[SourceVersionDate "2023.09.30"]
[SourceQuality "1"]

1. d4 d5 2. c4 Nf6 3. cxd5 Nxd5 4. Nf3 Nb6 5. e4 g6 6. Nc3 Bg7 7. h3 O-O 8. Be3 N8d7 9. Be2 e5 10. O-O exd4 11. Bxd4 c6 12. Bxg7 Kxg7 13. Qd4+ Qf6 14. e5 Qe7 15. e6+ Nf6 16. exf7 Rd8 17. Qh4 Qxf7 18. Ng5 Qf8 19. Rfe1 h6 20. Nge4 Nxe4 21. Nxe4 Bf5 22. Ng3 Qf6 23. Nxf5+ Qxf5 24. Bg4 Qg5 25. Re7+ Kf6 26. Re6+ Kf7 27. Qg3 Nd5 28. Rae1 Re8 29. h4 Qf4 30. h5 g5 31. Qd3 Rxe6 32. Qh7+ 1-0

[Event "Bullet Chess Winners"]
[Site "Chess.com INT"]
[Date "2023.07.17"]
[Round "1.12"]
[White "Hansen, Eric"]
[Black "Carlsen, Magnus"]
[Result "0-1"]
[WhiteElo "2609"]
[BlackElo "2835"]
[PlyCount "96"]
[GameId "1938373576708096"]
[EventDate "2023.07.17"]
[EventType "k.o. (blitz)"]
[EventRounds "5"]
[EventCountry "USA"]
[SourceTitle "CBM 215 Extra"]
[Source "ChessBase"]
[SourceDate "2023.09.30"]
[SourceVersion "1"]
[SourceVersionDate "2023.09.30"]
[SourceQuality "1"]

1. Nf3 g6 2. d4 Bg7 3. e4 d5 4. exd5 Qxd5 5. c3 Nf6 6. Nbd2 O-O 7. Bc4 Qd6 8. O-O c5 9. dxc5 Qxc5 10. Re1 e6 11. a4 Rd8 12. Qc2 b6 13. h3 Bb7 14. Bf1 Nbd7 15. Nb3 Qf5 16. Qxf5 gxf5 17. Nfd4 Ne4 18. a5 Bd5 19. c4 Bb7 20. Nb5 a6 21. N5d4 Ndc5 22. Nxc5 Nxc5 23. Nf3 Nb3 24. Rb1 bxa5 25. Bg5 Rdc8 26. Re3 a4 27. Be7 Be4 28. Bd3 Bxf3 29. gxf3 Nd2 30. Ra1 Nxc4 31. Bxc4 Rxc4 32. Ra2 Bd4 33. Rd3 f6 34. Kg2 Kf7 35. Bd6 Rg8+ 36. Kf1 Rc1+ 37. Ke2 Rc2+ 38. Rd2 Rxd2+ 39. Kxd2 Rg2 40. Rxa4 Rxf2+ 41. Ke1 Bb6 42. b4 Rxf3 43. Rxa6 Bd4 44. Rc6 Rxh3 45. Rc7+ Kg6 46. Rd7 e5 47. Bf8 f4 48. Ke2 f3+ 0-1

[Event "Bullet Chess Winners"]
[Site "Chess.com INT"]
[Date "2023.07.17"]
[Round "1.13"]
[White "Carlsen, Magnus"]
[Black "Hansen, Eric"]
[Result "1-0"]
[WhiteElo "2835"]
[BlackElo "2609"]
[PlyCount "125"]
[GameId "1938373576732672"]
[EventDate "2023.07.17"]
[EventType "k.o. (blitz)"]
[EventRounds "5"]
[EventCountry "USA"]
[SourceTitle "CBM 215 Extra"]
[Source "ChessBase"]
[SourceDate "2023.09.30"]
[SourceVersion "1"]
[SourceVersionDate "2023.09.30"]
[SourceQuality "1"]

1. d4 d5 2. c4 Nf6 3. cxd5 Nxd5 4. e4 Nb6 5. Nf3 g6 6. h3 Bg7 7. Be2 O-O 8. O-O N8d7 9. Be3 e5 10. Nc3 exd4 11. Bxd4 c6 12. Bxg7 Kxg7 13. Qd4+ f6 14. Rad1 Qe7 15. Rfe1 Ne5 16. Nxe5 fxe5 17. Qe3 Be6 18. b3 Rad8 19. Bg4 Bxg4 20. hxg4 h6 21. Ne2 Qf6 22. f3 Nc8 23. a4 a5 24. Qc5 b6 25. Qc3 c5 26. Kf2 Ne7 27. Qc4 Nc6 28. Rd5 Nb4 29. Rdd1 Qh4+ 30. Kg1 Qe7 31. Nc3 Rd4 32. Rxd4 exd4 33. Nd5 Nxd5 34. Qxd5 Qf6 35. e5 Qe7 36. e6 Rd8 37. Qe5+ Kh7 38. f4 d3 39. f5 d2 40. Rd1 gxf5 41. gxf5 Qg5 42. e7 Re8 43. Qd6 Qe3+ 44. Kh2 Qxe7 45. Qg6+ Kh8 46. Qxh6+ Qh7 47. Qxh7+ Kxh7 48. Rxd2 Kh6 49. g4 Kg5 50. Kg3 Re3+ 51. Kg2 Rxb3 52. Rf2 Re3 53. f6 Re8 54. f7 Rf8 55. Kg3 Kg6 56. Rf5 c4 57. Rf4 Rxf7 58. Rxc4 Rf6 59. Rd4 Re6 60. Kf4 Rf6+ 61. Ke5 Kf7 62. Rd6 Kg6 63. Rxf6+ 1-0

[Event "Bullet Chess Winners"]
[Site "Chess.com INT"]
[Date "2023.07.17"]
[Round "1.14"]
[White "Hansen, Eric"]
[Black "Carlsen, Magnus"]
[Result "0-1"]
[WhiteElo "2609"]
[BlackElo "2835"]
[PlyCount "76"]
[GameId "1938373576773632"]
[EventDate "2023.07.17"]
[EventType "k.o. (blitz)"]
[EventRounds "5"]
[EventCountry "USA"]
[SourceTitle "CBM 215 Extra"]
[Source "ChessBase"]
[SourceDate "2023.09.30"]
[SourceVersion "1"]
[SourceVersionDate "2023.09.30"]
[SourceQuality "1"]

1. Nf3 d5 2. d4 Nf6 3. c4 e6 4. Nc3 dxc4 5. e3 a6 6. Bxc4 b5 7. Bd3 Bb7 8. O-O c5 9. dxc5 Bxc5 10. b3 Nbd7 11. Bb2 O-O 12. Rc1 Rc8 13. Qe2 Qb6 14. Rfd1 h6 15. h3 Be7 16. Nd2 Ne5 17. Bb1 Rfd8 18. Nce4 Rxc1 19. Rxc1 Nxe4 20. Nxe4 Ng6 21. Bd4 Qa5 22. Qb2 Ba3 23. Qc3 Qxc3 24. Rxc3 e5 25. Bc5 Rd1+ 26. Kh2 b4 27. Bxb4 Bxb4 28. Rc7 Bxe4 29. Bxe4 Nf8 30. Kg3 a5 31. Kf3 g6 32. g4 Ne6 33. Rc8+ Kg7 34. h4 Rd2 35. Ra8 Nc5 36. Bc6 e4+ 37. Bxe4 Nxe4 38. Kxe4 Rxf2 0-1

[Event "Bullet Chess Winners"]
[Site "Chess.com INT"]
[Date "2023.07.17"]
[Round "1.15"]
[White "Carlsen, Magnus"]
[Black "Hansen, Eric"]
[Result "1-0"]
[WhiteElo "2835"]
[BlackElo "2609"]
[PlyCount "53"]
[GameId "1938373576798208"]
[EventDate "2023.07.17"]
[EventType "k.o. (blitz)"]
[EventRounds "5"]
[EventCountry "USA"]
[SourceTitle "CBM 215 Extra"]
[Source "ChessBase"]
[SourceDate "2023.09.30"]
[SourceVersion "1"]
[SourceVersionDate "2023.09.30"]
[SourceQuality "1"]

1. c4 e5 2. g3 Nc6 3. Bg2 Nf6 4. Nc3 Bb4 5. e4 Bxc3 6. bxc3 O-O 7. Ne2 d6 8. O-O Ne8 9. d3 f5 10. f4 fxe4 11. dxe4 Be6 12. f5 Bxc4 13. g4 Qd7 14. Rf3 Rd8 15. Ng3 b5 16. Bg5 Nf6 17. Bxf6 gxf6 18. g5 fxg5 19. Nh5 Kh8 20. Rg3 Qe7 21. Qd2 Bf7 22. f6 Qe6 23. Qxg5 Rg8 24. Ng7 Qc4 25. Rh3 Qc5+ 26. Kh1 Qf2 27. Qh6 1-0

[Event "Bullet Chess Winners"]
[Site "Chess.com INT"]
[Date "2023.07.17"]
[Round "1.16"]
[White "Hansen, Eric"]
[Black "Carlsen, Magnus"]
[Result "0-1"]
[WhiteElo "2609"]
[BlackElo "2835"]
[PlyCount "70"]
[GameId "1938373576839168"]
[EventDate "2023.07.17"]
[EventType "k.o. (blitz)"]
[EventRounds "5"]
[EventCountry "USA"]
[SourceTitle "CBM 215 Extra"]
[Source "ChessBase"]
[SourceDate "2023.09.30"]
[SourceVersion "1"]
[SourceVersionDate "2023.09.30"]
[SourceQuality "1"]

1. d4 Nf6 2. c4 g6 3. Nc3 Bg7 4. e4 O-O 5. f3 d6 6. Be3 e5 7. Nge2 exd4 8. Nxd4 c6 9. Qd2 Re8 10. Be2 d5 11. exd5 cxd5 12. c5 Nc6 13. O-O Rxe3 14. Qxe3 Qf8 15. Nxc6 bxc6 16. Kh1 Nd7 17. Na4 Rb8 18. Rab1 Rb4 19. b3 h5 20. Bd3 Rxa4 21. bxa4 Nxc5 22. Rb8 Nd7 23. Ra8 c5 24. Bb5 Nb6 25. Rxa7 Be6 26. Rb7 d4 27. Qg5 Nd5 28. Bc6 Qd6 29. Bxd5 Bxd5 30. a5 Bxb7 31. Rb1 Qe6 32. h4 Ba6 33. Qxc5 d3 34. Qb6 d2 35. Rd1 Qe1+ 0-1

[Event "Bullet Chess Winners"]
[Site "Chess.com INT"]
[Date "2023.07.17"]
[Round "1.17"]
[White "Carlsen, Magnus"]
[Black "Hansen, Eric"]
[Result "1-0"]
[WhiteElo "2835"]
[BlackElo "2609"]
[PlyCount "79"]
[GameId "1938373576863744"]
[EventDate "2023.07.17"]
[EventType "k.o. (blitz)"]
[EventRounds "5"]
[EventCountry "USA"]
[SourceTitle "CBM 215 Extra"]
[Source "ChessBase"]
[SourceDate "2023.09.30"]
[SourceVersion "1"]
[SourceVersionDate "2023.09.30"]
[SourceQuality "1"]

1. d4 d5 2. c4 e6 3. Nf3 Be7 4. g3 Nf6 5. Bg2 O-O 6. O-O Nbd7 7. Qc2 c6 8. b3 a5 9. Bb2 b6 10. Nc3 Ba6 11. e4 dxc4 12. Rfd1 Rc8 13. h4 h6 14. Ne2 b5 15. bxc4 Nb6 16. c5 Nc4 17. Ne5 Nxe5 18. dxe5 Nd7 19. Rd6 Qc7 20. Rad1 Rfd8 21. Nf4 b4 22. Bh3 Nf8 23. Nh5 Qa7 24. Bd4 Bxd6 25. exd6 f6 26. Bxf6 Qf7 27. Bxd8 Rxd8 28. Nf4 e5 29. Ng2 Ne6 30. Bxe6 Qxe6 31. Ne3 g6 32. h5 gxh5 33. Nf5 Kh7 34. Kg2 Rd7 35. Rh1 Qg6 36. Qb2 Bd3 37. Qxe5 Rf7 38. f3 Bc4 39. Ne7 Qxd6 40. cxd6 1-0

[Event "Bullet Chess Winners"]
[Site "Chess.com INT"]
[Date "2023.07.17"]
[Round "1.18"]
[White "Hansen, Eric"]
[Black "Carlsen, Magnus"]
[Result "0-1"]
[WhiteElo "2609"]
[BlackElo "2835"]
[PlyCount "58"]
[GameId "1938373576892416"]
[EventDate "2023.07.17"]
[EventType "k.o. (blitz)"]
[EventRounds "5"]
[EventCountry "USA"]
[SourceTitle "CBM 215 Extra"]
[Source "ChessBase"]
[SourceDate "2023.09.30"]
[SourceVersion "1"]
[SourceVersionDate "2023.09.30"]
[SourceQuality "1"]

1. d4 Nf6 2. c4 c5 3. d5 b5 4. f3 bxc4 5. e4 d6 6. Bxc4 g6 7. Ne2 Bg7 8. Nbc3 O-O 9. O-O Nbd7 10. Be3 a5 11. Kh1 Ba6 12. Bxa6 Rxa6 13. Ng3 Nb6 14. Qe2 Qa8 15. f4 a4 16. Rad1 Nfd7 17. h3 a3 18. e5 axb2 19. Nge4 Na4 20. Nb5 Qb8 21. exd6 exd6 22. f5 Re8 23. fxg6 hxg6 24. Ng5 Ne5 25. Bf4 c4 26. Nd4 Nc3 27. Qc2 Nxd1 28. Rxd1 Nd3 29. Ngf3 Nxf4 0-1

[Event "Titled Tuesday intern op 25th Jul Early"]
[Site "Chess.com INT"]
[Date "2023.07.25"]
[Round "2"]
[White "Shishkov, Andrei"]
[Black "Hansen, Eric"]
[Result "0-1"]
[WhiteElo "2340"]
[BlackElo "2609"]
[PlyCount "64"]
[GameId "1940929361059840"]
[EventDate "2023.07.25"]
[EventType "swiss (blitz)"]
[EventRounds "11"]
[EventCountry "USA"]
[SourceTitle "EXT 2024"]
[Source "ChessBase"]
[SourceDate "2023.10.10"]
[SourceVersion "1"]
[SourceVersionDate "2023.10.10"]
[SourceQuality "1"]

1. d4 c6 2. c4 d5 3. e3 Nf6 4. Nc3 e6 5. b3 Bb4 6. Bb2 O-O 7. Bd3 Nbd7 8. Nge2 Re8 9. O-O b6 10. e4 dxc4 11. Bxc4 e5 12. a3 Bf8 13. b4 Bb7 14. Qb3 Qe7 15. a4 exd4 16. Nxd4 Ne5 17. Nf5 Qc7 18. Rac1 Nfg4 19. Ng3 Nxc4 20. Qxc4 Qf4 21. Nce2 Qh6 22. h3 Ne5 23. Qc3 c5 24. b5 Rad8 25. Rcd1 f6 26. f4 Nf7 27. Qf3 Qg6 28. Rxd8 Rxd8 29. Nc3 Nd6 30. Rd1 Re8 31. Qd3 Qf7 32. e5 Nc4 0-1

[Event "Titled Tuesday intern op 19th Sep Late"]
[Site "Chess.com INT"]
[Date "2023.09.19"]
[Round "8"]
[White "Manukyan, Sargis A"]
[Black "Hansen, Eric"]
[Result "0-1"]
[WhiteElo "2237"]
[BlackElo "2609"]
[PlyCount "127"]
[GameId "1961207454400512"]
[EventDate "2023.09.19"]
[EventType "swiss (blitz)"]
[EventRounds "11"]
[EventCountry "USA"]
[SourceTitle "EXT 2024"]
[Source "ChessBase"]
[SourceDate "2023.10.10"]
[SourceVersion "1"]
[SourceVersionDate "2023.10.10"]
[SourceQuality "1"]

1. d4 Nf6 2. c4 g6 3. Nc3 d5 4. Bf4 Bg7 5. e3 O-O 6. Rc1 c5 7. dxc5 Qa5 8. cxd5 Ne4 9. Nge2 Nxc3 10. Nxc3 Nd7 11. c6 Nb6 12. Bc7 bxc6 13. dxc6 Be6 14. Be2 Rac8 15. Bxb6 axb6 16. Bf3 Bc4 17. a3 Rfd8 18. Qc2 b5 19. Be2 Rxc6 20. Bxc4 Rxc4 21. O-O Bxc3 22. bxc3 Qxa3 23. Qb1 Qc5 24. Rc2 Rd5 25. g3 h5 26. Rfc1 h4 27. Qa1 h3 28. Qa8+ Kg7 29. Qb7 Rxc3 30. Rxc3 Qxc3 31. Rf1 Qe5 32. Qc8 e6 33. Qc2 Rc5 34. Qd3 Rc3 35. Qe2 Qe4 36. f3 Qxe3+ 37. Qxe3 Rxe3 38. Kf2 Rc3 39. g4 b4 40. Kg3 b3 41. Rf2 Rc2 42. Rf1 b2 43. Rb1 Kf6 44. Kxh3 Ke5 45. Kg3 g5 46. h3 f6 47. Re1+ Kd5 48. Rb1 Kc4 49. f4 Kb3 50. fxg5 fxg5 51. Kf3 Rc1 52. Rxb2+ Kxb2 53. Ke4 Re1+ 54. Kf3 e5 55. h4 gxh4 56. g5 Rg1 57. g6 Rxg6 58. Ke4 Rg5 59. Kf3 h3 60. Kf2 Kc3 61. Ke2 Kd4 62. Kf2 Ke4 63. Kf1 Ke3 64. Ke1 0-1